| 000 | 00000cas 2200000zi 4500 |
| 001 | 9.962964 |
| 003 | CaOODSP |
| 005 | 20260525113934 |
| 006 | m o d f |
| 007 | cr cn |||||||| |
| 008 | 260521d19741982oncmx p o f0### 0fre|d |
| 022 | |y0700-2408 |
| 040 | |aCaOODSP|bfre|erda|cCaOODSP |
| 043 | |an-cn--- |
| 086 | 1 |aMe21-1F-PDF |
| 245 | 00|aMoniteur métrique. |
| 264 | 1|aOttawa : |bCommission du système métrique Canada |
| 310 | |aMensuel |
| 336 | |atexte|btxt|2rdacontent/fre |
| 337 | |ainformatique|bc|2rdamedia/fre |
| 338 | |aressource en ligne|bcr|2rdacarrier/fre |
| 362 | 1 |aParaît depuis vol. 1, no 1 (mars 1974)? Ne paraît plus après vol. 9, no 9 (décembre 1982)? |
| 500 | |aPublié aussi en anglais sous le titre : Metric monitor. |
| 500 | |aÉdition numérisée de l'imprimé [par Innovation, sciences et développement économique Canada]. |
| 588 | |aDescription d'après : Vol. 6, no 6 (1979-06); titre de départ du fichier PDF. |
| 588 | |aDernière livraison consultée : Vol. 9, no 1 (janvier 1982). |
| 650 | 6|aSystème métrique|zCanada|vPériodiques. |
| 655 | 7|aPériodiques|2rvmgf |
| 710 | 2 |aCommission du système métrique Canada, |eorganisme de publication. |
| 775 | 08|tMetric monitor.|w(CaOODSP)9.962954 |
| 785 | 00|tMétrique.|w(CaOODSP)9.962967 |